| 000 | 01080nam a22002657a 4500 | ||
|---|---|---|---|
| 005 | 20170123162340.0 | ||
| 010 | _aA-854098 | ||
| 020 | _c120.00 | ||
| 035 | _aA-854098 | ||
| 037 | _bCen Lib/Ret | ||
| 040 |
_aDPL _bUR |
||
| 082 |
_a270.35 _bا ب و |
||
| 100 |
_a عباس محمود العقاد _9117788 |
||
| 245 |
_aابو بکر : _c عباس محمود العقاد : مرتجم منہاج الدین اصلاحی _bشخصیت اور کردار / |
||
| 246 |
_aAbu Bakar : shakhsiyat aur kirdar / _bby Abbas Mahmodd Alaqad ; translated by Manhaz -Uddin Islahi |
||
| 260 |
_aلاہور _bادبستان _c1996 |
||
| 270 |
_bلاہور _aچابک سورل سٹریٹ ئرنگ محل |
||
| 300 |
_a239p. _c21cm(Hb) |
||
| 650 |
_aمذہب -- اسلام _9126738 |
||
| 650 |
_aسوانح حیات - مسلم بادشاہ ابوبکر _9126739 |
||
| 650 |
_aReligion -- Islam _992070 |
||
| 650 |
_aBiography -- Muslim King Abu bakar _9126740 |
||
| 700 |
_aاصلاحی، منحاج الدین _9126741 |
||
| 942 |
_2ddc _cUR _h270.35 _mا ب و |
||
| 999 |
_c108459 _d108459 |
||